[Event "Dortmund Sparkassen op-B"]
[Site "Dortmund"]
[Date "2015.06.29"]
[Round "3"]
[White "Terhuven, Patrick"]
[Black "Rodemann, Edmund"]
[Result "1/2-1/2"]
[WhiteElo "1968"]
[BlackElo "1795"]
[PlyCount "73"]
[EventDate "2015.06.27"]
[EventType "swiss"]
[EventRounds "9"]
[EventCountry "GER"]
[SourceTitle "CBM 167 Extra"]
[Source "ChessBase"]
[SourceDate "2015.09.14"]
[SourceVersion "1"]
[SourceVersionDate "2015.09.14"]
[SourceQuality "1"]

1. d4 f5 2. Nc3 Nf6 3. Bg5 d5 4. Bxf6 exf6 5. e3 Be6 6. Bd3 Nc6 7. a3 Qd7 8. Qf3 0-0-0 9. Nge2 Kb8 10. b4 Ne7 11. Bb5 c6 12. Bd3 Nc8 13. b5 Nd6 14. bxc6 Qxc6 15. 0-0 Ka8 16. Nf4 Ne4 17. Nxe6 Qxe6 18. Nb5 Rc8 19. Qf4 Qd7 20. a4 g6 21. Rfb1 Bd6 22. Nxd6 Qxd6 23. Qxd6 Nxd6 24. Rb4 Rc7 25. Rab1 Rhc8 26. a5 a6 27. Rb6 Rc6 28. R6b4 R8c7 29. Kf1 Nc4 30. Ra1 Ka7 31. Ke2 Nd6 32. Kd2 Ne4+ 33. Bxe4 fxe4 34. Ra2 Rc3 35. Rb6 R3c6 36. Rab2 f5 37. g3 1/2-1/2

[Event "Dortmund Sparkassen op-A"]
[Site "Dortmund"]
[Date "2012.07.19"]
[Round "6"]
[White "Rodemann, Edmund"]
[Black "Boldt, Manfred"]
[Result "1-0"]
[WhiteElo "2033"]
[BlackElo "1946"]
[PlyCount "121"]
[EventDate "2012.07.14"]
[EventType "swiss"]
[EventRounds "9"]
[EventCountry "GER"]
[SourceTitle "CBM 149 Extra"]
[Source "ChessBase"]
[SourceDate "2012.08.24"]
[SourceVersion "1"]
[SourceVersionDate "2012.08.24"]
[SourceQuality "1"]

1. e4 c5 2. c3 g6 3. d4 cxd4 4. cxd4 Bg7 5. Nc3 a6 6. Nf3 e6 7. Be3 Ne7 8. Be2 0-0 9. 0-0 d6 10. Qd2 Nd7 11. Bh6 b5 12. Bxg7 Kxg7 13. b3 Bb7 14. Bd3 Nc6 15. Rac1 Qb6 16. Bb1 Rac8 17. Rfd1 Ne7 18. Qg5 Rfe8 19. Qf4 h6 20. h4 Nf6 21. g4 Nh7 22. g5 h5 23. Ne2 Rf8 24. Qd2 Rxc1 25. Rxc1 Rc8 26. Rxc8 Bxc8 27. Ng3 Qc6 28. Ne1 Bb7 29. f3 Qb6 30. Kh2 Nc6 31. Ne2 e5 32. Nc2 Nf8 33. Kg3 Nd7 34. d5 Ne7 35. Qe3 Qxe3 36. Nxe3 Bc8 37. Bc2 Ng8 38. a4 Nc5 39. axb5 axb5 40. Nc3 Ba6 41. b4 Nd7 42. Bd3 Nb6 43. Bxb5 Bb7 44. Bc6 Bc8 45. Nb5 Ne7 46. Nxd6 Bd7 47. b5 Kf8 48. Ndc4 Nec8 49. Nxe5 Ke7 50. Bxd7 Nxd7 51. Nxd7 Kxd7 52. Nc4 Na7 53. b6 Nb5 54. Kf4 Nd4 55. e5 Nf5 56. Nd6 Nxh4 57. Nxf7 Nf5 58. e6+ Kc8 59. d6 Ng7 60. d7+ Kb7 61. Ke5 1-0

[Event "Dortmund Sparkassen op-A"]
[Site "Dortmund"]
[Date "2012.07.15"]
[Round "2"]
[White "Rodemann, Edmund"]
[Black "Wagner, Alexej"]
[Result "0-1"]
[WhiteElo "2033"]
[BlackElo "2216"]
[PlyCount "70"]
[EventDate "2012.07.14"]
[EventType "swiss"]
[EventRounds "9"]
[EventCountry "GER"]
[SourceTitle "CBM 149 Extra"]
[Source "ChessBase"]
[SourceDate "2012.08.24"]
[SourceVersion "1"]
[SourceVersionDate "2012.08.24"]
[SourceQuality "1"]

1. e4 c5 2. c3 e5 3. Nf3 Nc6 4. Bc4 Be7 5. 0-0 d6 6. d4 Qc7 7. dxc5 dxc5 8. h3 h6 9. Be3 Nf6 10. Nbd2 0-0 11. Qc2 Nh5 12. Rfe1 Nf4 13. Bxf4 exf4 14. e5 Nd8 15. Qe4 Ne6 16. Bd3 g6 17. Rad1 Bd7 18. Qe2 Bc6 19. Ne4 Kg7 20. Bc4 Rad8 21. Bb3 b5 22. Rxd8 Rxd8 23. Rd1 Rxd1+ 24. Bxd1 Qa5 25. a3 b4 26. axb4 cxb4 27. c4 Qa1 28. Nd6 a5 29. Kh2 a4 30. Qd2 a3 31. bxa3 bxa3 32. Bb3 Bxf3 33. gxf3 Qxe5 34. Nb5 Ng5 35. Qd4 Nxf3+ 0-1

[Event "GER-ch Seniors 22nd"]
[Site "Berlin"]
[Date "2010.08.22"]
[Round "7"]
[White "Rodemann, Edmund"]
[Black "Thieme, Wolfgang"]
[Result "1/2-1/2"]
[WhiteElo "1931"]
[BlackElo "1731"]
[PlyCount "42"]
[EventDate "2010.08.16"]
[EventType "swiss"]
[EventRounds "9"]
[EventCountry "GER"]
[SourceTitle "CBM 138 Extra"]
[Source "ChessBase"]
[SourceDate "2010.10.29"]
[SourceVersion "1"]
[SourceVersionDate "2010.10.29"]
[SourceQuality "1"]

1. e4 c5 2. c3 d5 3. exd5 Qxd5 4. d4 Nf6 5. Nf3 e6 6. Na3 Qd8 7. Nc2 Nc6 8. Be3 Qb6 9. Rb1 Nd5 10. dxc5 Bxc5 11. Bxc5 Qxc5 12. Be2 0-0 13. Qc1 e5 14. 0-0 Nf4 15. Re1 Bf5 16. Bf1 Bd3 17. Bxd3 Nxd3 18. Qe3 Qxe3 19. Rxe3 Rad8 20. Nce1 Nxe1 21. Rbxe1 f6 1/2-1/2

[Event "Niedersachsen-ch Seniors op 11th"]
[Site "Bad Bevensen"]
[Date "2008.07.14"]
[Round "7"]
[White "Diskin, Semen"]
[Black "Rodemann, Edmund"]
[Result "1/2-1/2"]
[WhiteElo "1858"]
[BlackElo "1922"]
[PlyCount "119"]
[EventDate "2008.07.08"]
[EventType "swiss"]
[EventRounds "9"]
[EventCountry "GER"]
[SourceTitle "EXT 2022"]
[Source "ChessBase"]
[SourceDate "2021.10.06"]
[SourceVersion "1"]
[SourceVersionDate "2021.10.06"]
[SourceQuality "1"]

1. e4 c6 2. d3 d5 3. c3 e5 4. Nf3 Bd6 5. h3 Nd7 6. Bg5 Qc7 7. Nbd2 Ngf6 8. Be2 0-0 9. 0-0 Re8 10. Qc2 Bf8 11. Rac1 b6 12. Rfe1 g6 13. Nf1 Bg7 14. Ng3 h6 15. Be3 Bb7 16. b4 dxe4 17. dxe4 c5 18. Red1 Rac8 19. Qd2 Kh7 20. Bc4 Nf8 21. Qc2 Ne6 22. Bxe6 Rxe6 23. bxc5 bxc5 24. c4 Qc6 25. Rd5 Nd7 26. Rcd1 Rc7 27. Qd3 Re7 28. Qa3 Qa6 29. R5d3 Qxa3 30. Rxa3 Ba8 31. Ra5 Re6 32. Nd2 Rec6 33. f3 Nf8 34. Nb3 Ne6 35. Ne2 Nd4 36. Nc3 Bf8 37. Nd5 Rb7 38. f4 Nxb3 39. axb3 Rxb3 40. Rxa7 Rb8 41. Rda1 Rcc8 42. Nf6+ Kg7 43. Nd7 Bxe4 44. Nxb8 Rxb8 45. fxe5 Re8 46. Bf4 g5 47. Bg3 Bd3 48. Rc1 Kg6 49. Rc3 Bf5 50. Rc7 Rd8 51. Bf2 Rd1+ 52. Kh2 Bg7 53. Rxc5 Rd2 54. Rc6+ Kh7 55. Rf3 Bxe5+ 56. Bg3 Be4 57. Rxf7+ Kg8 58. Rc8+ Kxf7 59. Bxe5 Rxg2+ 60. Kh1 1/2-1/2

[Event "Niedersachsen-ch Seniors op 11th"]
[Site "Bad Bevensen"]
[Date "2008.07.10"]
[Round "3"]
[White "Ljubarskij, Jurij"]
[Black "Rodemann, Edmund"]
[Result "1-0"]
[WhiteElo "2215"]
[BlackElo "1922"]
[PlyCount "69"]
[EventDate "2008.07.08"]
[EventType "swiss"]
[EventRounds "9"]
[EventCountry "GER"]
[SourceTitle "EXT 2022"]
[Source "ChessBase"]
[SourceDate "2021.10.06"]
[SourceVersion "1"]
[SourceVersionDate "2021.10.06"]
[SourceQuality "1"]

1. d4 f5 2. g3 Nf6 3. Bg2 g6 4. Nf3 Bg7 5. 0-0 0-0 6. b3 d6 7. Bb2 e5 8. dxe5 Ng4 9. Nbd2 Nc6 10. Nc4 Ngxe5 11. Nfxe5 Nxe5 12. Qd5+ Nf7 13. Bxg7 Kxg7 14. Rad1 Qf6 15. Qd2 c6 16. Na5 d5 17. c4 dxc4 18. bxc4 Rb8 19. Rb1 Nd8 20. Qf4 Ra8 21. Rfd1 Ne6 22. Qd6 Rd8 23. Qa3 Rxd1+ 24. Rxd1 Nd8 25. c5 Be6 26. h3 Rb8 27. Kh2 Qe5 28. e3 Nf7 29. Rb1 Nd8 30. f4 Qc7 31. Qc3+ Kg8 32. a4 b6 33. cxb6 axb6 34. Nxc6 Rc8 35. Qf6 1-0

[Event "GER-ch Seniors Gp-A 19th"]
[Site "Templin"]
[Date "2007.08.28"]
[Round "6"]
[White "Rodemann, Edmund"]
[Black "Mueller, Rudolf"]
[Result "1-0"]
[WhiteElo "1930"]
[BlackElo "2038"]
[PlyCount "53"]
[EventDate "2007.08.23"]
[EventType "swiss"]
[EventRounds "9"]
[EventCountry "GER"]
[SourceTitle "EXT 2022"]
[Source "ChessBase"]
[SourceDate "2021.10.06"]
[SourceVersion "1"]
[SourceVersionDate "2021.10.06"]
[SourceQuality "1"]

1. e4 e5 2. Bc4 Nc6 3. Nc3 Nf6 4. d3 Bb4 5. Nf3 d6 6. h3 h6 7. a3 Ba5 8. 0-0 Qe7 9. Nd5 Nxd5 10. Bxd5 g5 11. Bxc6+ bxc6 12. Nd2 Bxd2 13. Bxd2 Be6 14. Kh2 Kd7 15. c3 Rag8 16. d4 f6 17. Qa4 exd4 18. cxd4 d5 19. Bb4 Qd8 20. Rac1 Qa8 21. Rc5 dxe4 22. d5 Bf7 23. Rd1 Rd8 24. Rxc6 Be8 25. Rdc1 Kc8 26. Rxc7+ Kb8 27. Qa6 1-0

[Event "Bad Woerishofen Seniors opA 22th"]
[Site "Bad Woerishofen"]
[Date "2006.03.17"]
[Round "1"]
[White "Rodemann, Edmund"]
[Black "Thonig, Manfred"]
[Result "1-0"]
[WhiteElo "1944"]
[BlackElo "1490"]
[PlyCount "43"]
[EventDate "2006.03.17"]
[EventType "swiss"]
[EventRounds "9"]
[EventCountry "GER"]
[SourceTitle "EXT 2022"]
[Source "ChessBase"]
[SourceDate "2021.10.06"]
[SourceVersion "1"]
[SourceVersionDate "2021.10.06"]
[SourceQuality "1"]

1. e4 g6 2. d4 Bg7 3. Nc3 b6 4. Be3 d6 5. Qd2 Nd7 6. 0-0-0 h6 7. f4 e6 8. f5 Ne7 9. fxe6 fxe6 10. Nf3 a6 11. Bd3 b5 12. Ne2 c5 13. dxc5 dxc5 14. Nf4 Qb6 15. e5 Nf5 16. Nxg6 Nxe3 17. Nxh8 Nxd1 18. Rxd1 Nxe5 19. Nxe5 Bxe5 20. Bg6+ Ke7 21. Qxh6 Qc7 22. Qh4+ 1-0

[Event "GER-ch Seniors-A 17th"]
[Site "Essen"]
[Date "2005.08.20"]
[Round "1"]
[White "Rodemann, Edmund"]
[Black "Kohls, Vera"]
[Result "1/2-1/2"]
[WhiteElo "2052"]
[BlackElo "1726"]
[PlyCount "26"]
[EventDate "2005.08.20"]
[EventType "swiss"]
[EventRounds "9"]
[EventCountry "GER"]
[SourceTitle "CBM 108 Extra"]
[Source "ChessBase"]
[SourceDate "2005.11.04"]
[SourceVersion "1"]
[SourceVersionDate "2005.11.04"]
[SourceQuality "1"]

1. e4 e6 2. d4 d5 3. e5 c5 4. c3 Nc6 5. Nf3 Qb6 6. a3 c4 7. Nbd2 f6 8. Be2 fxe5 9. Nxe5 Nxe5 10. dxe5 Nh6 11. 0-0 Nf7 12. Nf3 Bc5 13. b4 cxb3 1/2-1/2

[Event "NRW-ch Seniors"]
[Site "NRW"]
[Date "2004.05.16"]
[Round "9.2"]
[White "Bachmann, Karlheinz"]
[Black "Rodemann, Edmund"]
[Result "1/2-1/2"]
[WhiteElo "2159"]
[BlackElo "1853"]
[PlyCount "104"]
[EventDate "2004.05.08"]
[EventType "swiss"]
[EventRounds "9"]
[EventCountry "GER"]
[SourceTitle "EXT 2006"]
[Source "ChessBase"]
[SourceDate "2005.11.24"]
[SourceVersion "1"]
[SourceVersionDate "2005.11.24"]
[SourceQuality "1"]

1. c4 f5 2. d4 Nf6 3. g3 g6 4. Bg2 Bg7 5. Nc3 0-0 6. Nh3 d6 7. d5 Na6 8. 0-0 e5 9. dxe6 c6 10. Rb1 Bxe6 11. b3 Qd7 12. Ng5 h6 13. Nxe6 Qxe6 14. Bb2 Rad8 15. e3 Nc7 16. Qd3 a6 17. Rfd1 d5 18. cxd5 Ncxd5 19. Nxd5 Nxd5 20. Qc4 Nc7 21. Bxg7 Kxg7 22. Rd4 Rxd4 23. Qxd4+ Kh7 24. Qb6 Qc8 25. Rd1 Rf7 26. Qd4 Ne8 27. Qe5 Rd7 28. Rd4 Rxd4 29. Qxd4 Qe6 30. Qb4 Nd6 31. h3 Kg7 32. Kh2 Kf7 33. Qb6 Qe7 34. Qa7 Qc7 35. Qd4 Kg8 36. Qf6 Kh7 37. Qe6 Kg7 38. Qe5+ Kh7 39. Qe6 Kg7 40. h4 h5 41. Qe5+ Kh7 42. Qe6 Kg7 43. Qe5+ Kh7 44. e4 Qd7 45. Bh3 Nf7 46. Qf6 Nh6 47. exf5 Nxf5 48. Bxf5 Qxf5 49. Qe7+ Kg8 50. Kg1 Qf7 51. Qe5 Kh7 52. Qb8 Qe7 1/2-1/2

[Event "NRW-ch Seniors"]
[Site "NRW"]
[Date "2004.05.15"]
[Round "8.1"]
[White "Rodemann, Edmund"]
[Black "Rosen, Willy"]
[Result "1/2-1/2"]
[WhiteElo "1853"]
[BlackElo "2242"]
[PlyCount "57"]
[EventDate "2004.05.08"]
[EventType "swiss"]
[EventRounds "9"]
[EventCountry "GER"]
[SourceTitle "EXT 2006"]
[Source "ChessBase"]
[SourceDate "2005.11.24"]
[SourceVersion "1"]
[SourceVersionDate "2005.11.24"]
[SourceQuality "1"]

1. e4 c5 2. Nc3 Nc6 3. g3 g6 4. Bg2 Bg7 5. d3 d6 6. Nge2 e5 7. Nd5 b5 8. 0-0 Be6 9. a4 b4 10. c4 Nge7 11. Rb1 0-0 12. b3 Bxd5 13. exd5 Nd4 14. Nxd4 cxd4 15. f4 Nf5 16. Qf3 Qb6 17. Re1 Rae8 18. Bd2 exf4 19. Bxf4 Ne3 20. Re2 Re7 21. g4 h6 22. h4 Kh7 23. Kh1 Rfe8 24. Rf2 f5 25. gxf5 Nxf5 26. h5 Re1+ 27. Rf1 Rxb1 28. hxg6+ Kh8 29. Rxb1 1/2-1/2

[Event "Lipperland Seniors op 2nd"]
[Site "Doerentrup"]
[Date "2003.06.05"]
[Round "8.10"]
[White "Rodemann, Edmund"]
[Black "Spaete, Erwin"]
[Result "1-0"]
[WhiteElo "1820"]
[BlackElo "1657"]
[PlyCount "87"]
[EventDate "2003.05.30"]
[EventType "swiss"]
[EventRounds "9"]
[EventCountry "GER"]
[SourceTitle "EXT 2004"]
[Source "ChessBase"]
[SourceDate "2003.11.25"]
[SourceVersion "1"]
[SourceVersionDate "2003.11.25"]
[SourceQuality "1"]

1. e4 c6 2. d4 d5 3. e5 c5 4. dxc5 Nc6 5. Bb5 e6 6. Be3 Nge7 7. c3 Nf5 8. Bd4 Bd7 9. Bxc6 bxc6 10. Nf3 Be7 11. 0-0 0-0 12. Nbd2 a5 13. b3 Qb8 14. Qe2 a4 15. b4 Bc8 16. Rfe1 Ba6 17. Qd1 Bd3 18. a3 Bb5 19. Nf1 Bc4 20. Ne3 Bb3 21. Qd2 Nh4 22. Nxh4 Bxh4 23. Qe2 Qd8 24. g3 Be7 25. Qh5 g6 26. Qh3 Kg7 27. f4 Rh8 28. Qg4 h5 29. Qe2 Qg8 30. h3 Qh7 31. Rf1 Rag8 32. Kg2 Kh6 33. Qa6 g5 34. f5 g4 35. h4 Bxh4 36. gxh4 g3 37. Rf4 Rg4 38. Raf1 Rhg8 39. Qxc6 Rxf4 40. Rxf4 Rg4 41. Nxg4+ hxg4 42. Kxg3 Kh5 43. Qe8 Bc2 44. Qe7 1-0

[Event "Lipperland Seniors op 2nd"]
[Site "Doerentrup"]
[Date "2003.06.03"]
[Round "6.10"]
[White "Rodemann, Edmund"]
[Black "Thonig, Manfred"]
[Result "1-0"]
[WhiteElo "1820"]
[BlackElo "1556"]
[PlyCount "53"]
[EventDate "2003.05.30"]
[EventType "swiss"]
[EventRounds "9"]
[EventCountry "GER"]
[SourceTitle "EXT 2004"]
[Source "ChessBase"]
[SourceDate "2003.11.25"]
[SourceVersion "1"]
[SourceVersionDate "2003.11.25"]
[SourceQuality "1"]

1. e4 d6 2. d4 Nf6 3. Nc3 g6 4. Be3 Bg7 5. Qd2 h6 6. f3 a6 7. 0-0-0 b5 8. g4 b4 9. Nce2 a5 10. Kb1 Nbd7 11. h4 Nb6 12. Ng3 Na4 13. h5 g5 14. Bb5+ Bd7 15. Bxd7+ Qxd7 16. Nf5 0-0 17. Ne2 c5 18. dxc5 Nxe4 19. fxe4 Bxb2 20. Bxg5 Nc3+ 21. Kxb2 Nxd1+ 22. Rxd1 Qa4 23. Bxh6 Qa3+ 24. Kb1 f6 25. Nxe7+ Kf7 26. Bxf8 Kxf8 27. Qxd6 1-0

[Event "Lipperland Seniors op 2nd"]
[Site "Doerentrup"]
[Date "2003.06.01"]
[Round "4.11"]
[White "Rodemann, Edmund"]
[Black "Farel, Edgard"]
[Result "1/2-1/2"]
[WhiteElo "1820"]
[BlackElo "1610"]
[PlyCount "118"]
[EventDate "2003.05.30"]
[EventType "swiss"]
[EventRounds "9"]
[EventCountry "GER"]
[SourceTitle "EXT 2004"]
[Source "ChessBase"]
[SourceDate "2003.11.25"]
[SourceVersion "1"]
[SourceVersionDate "2003.11.25"]
[SourceQuality "1"]

1. e4 c5 2. c3 Nc6 3. d4 cxd4 4. cxd4 e6 5. d5 exd5 6. exd5 Qe7+ 7. Be3 Nb8 8. Nc3 a6 9. Be2 Nf6 10. Bf3 d6 11. h3 Qd8 12. Nge2 Be7 13. Nd4 0-0 14. 0-0 Re8 15. Re1 Nbd7 16. Bf4 Bf8 17. Rxe8 Qxe8 18. g3 h6 19. Bg2 Ne5 20. Qf1 Qd8 21. Re1 Ng6 22. Be3 Bd7 23. Kh2 Qc7 24. f4 Re8 25. Bf2 Qc8 26. Rxe8 Qxe8 27. Qd3 Qc8 28. b4 b5 29. Nc6 Bf5 30. Qe3 Qc7 31. a4 bxa4 32. Nxa4 Ne7 33. Nxe7+ Bxe7 34. Nb6 Kf8 35. Qe2 Qc2 36. Qxc2 Bxc2 37. Bf1 Bb3 38. Bxa6 Nxd5 39. Nxd5 Bxd5 40. Bd4 Bd8 41. Kg1 Bc7 42. Kf2 f6 43. Bd3 Ke7 44. g4 Be6 45. Kf3 Kd7 46. h4 Ke7 47. g5 hxg5 48. fxg5 fxg5 49. hxg5 Bd5+ 50. Kf4 Be6 51. Bxg7 Kf7 52. Bd4 d5+ 53. Be5 Bd8 54. b5 Bd7 55. g6+ Kg8 56. Ke3 Bb6+ 57. Kf4 Bd8 58. Bd6 Kg7 59. Ke5 Bxb5 1/2-1/2

[Event "Wch Seniors 13th"]
[Site "Bad Zwischenahn"]
[Date "2003.??.??"]
[Round "?"]
[White "Rodemann, Edmund"]
[Black "Bierwisch, Bernhard"]
[Result "1/2-1/2"]
[WhiteElo "1800"]
[BlackElo "2105"]
[PlyCount "31"]
[EventDate "2003.11.16"]
[EventType "swiss"]
[EventRounds "11"]
[EventCountry "GER"]
[SourceTitle "CBM 097 Extra"]
[Source "ChessBase"]
[SourceDate "2004.01.13"]
[SourceVersion "1"]
[SourceVersionDate "2004.01.13"]
[SourceQuality "1"]

1. e4 c5 2. c3 d6 3. d4 Nf6 4. dxc5 Nc6 5. f3 d5 6. exd5 Nxd5 7. Bc4 e6 8. Bxd5 exd5 9. Be3 Be7 10. Ne2 0-0 11. 0-0 Re8 12. Bf2 Bg5 13. Na3 Qe7 14. Nd4 Be3 15. Bxe3 Qxe3+ 16. Kh1 1/2-1/2

[Event "Wch Seniors 13th"]
[Site "Bad Zwischenahn"]
[Date "2003.??.??"]
[Round "?"]
[White "Rodemann, Edmund"]
[Black "Hesselbarth, Karlheinz"]
[Result "1/2-1/2"]
[WhiteElo "1800"]
[BlackElo "1720"]
[PlyCount "43"]
[EventDate "2003.11.16"]
[EventType "swiss"]
[EventRounds "11"]
[EventCountry "GER"]
[SourceTitle "CBM 097 Extra"]
[Source "ChessBase"]
[SourceDate "2004.01.13"]
[SourceVersion "1"]
[SourceVersionDate "2004.01.13"]
[SourceQuality "1"]

1. e4 e5 2. Bc4 Nf6 3. d3 Bc5 4. Nc3 Nc6 5. f4 d6 6. Nf3 Bg4 7. Na4 Qe7 8. Nxc5 dxc5 9. Bb5 Nd7 10. Bxc6 bxc6 11. h3 Bxf3 12. Qxf3 0-0 13. b3 f5 14. 0-0 Rae8 15. exf5 Rxf5 16. Qe4 Qf7 17. g4 Rf6 18. f5 Rd6 19. Bg5 Nb6 20. Be3 Nd5 21. Bg5 Nb6 22. Be3 1/2-1/2